APLIKÁCIA LACTOBACILLUS CASEI A LACTOBACILLUS B-5 U PRASIAT A ZMENY ČREVNEJ SLIZNICE

Bibliographic Details
Main Authors: Revajová, Viera, 1959- (Author), Kolodzieyski, Lev (Author), Levkut, Mikuláš, 1951- (Author), Húska, Miroslav, 1951- (Author), Bartko, Pavol (Author)
Format: Article
Language:Slovak

MARC

LEADER 00000naa a2200000uu 4500
001 vtls011084752
003 SK-MaSNL
005 20260302105032.0
008 210909|1996 xo |||||||||||||||||slo|
015 |a SNBRA 
035 |a (urnnbn)urn:nbn:sk:snk:ar-a0clh2 
035 |a (uuid)81ed67e5-23bc-4b9f-92e5-c22a6edbea87 
035 |a urn:nbn:sk:snk-aavrd9 
040 |a SNKBUCL  |b slo  |c SNKBUCL  |e AACR2 
041 0 |a slo 
044 |a xo  |c SK 
100 1 |a Revajová, Viera,  |d 1959-  |4 aut  |9 195926 
245 1 0 |a APLIKÁCIA LACTOBACILLUS CASEI A LACTOBACILLUS B-5 U PRASIAT A ZMENY ČREVNEJ SLIZNICE  |c Viera REVAJOVÁ, Lev KOLODZIEYSKI, Mikuláš LEVKUT, Miroslav HÚSKA, Pavol BARTKO 
700 1 |a Kolodzieyski, Lev  |4 aut  |9 39510 
700 1 |a Levkut, Mikuláš,  |d 1951-  |4 aut  |9 197341 
700 1 |a Húska, Miroslav,  |d 1951-  |4 aut  |9 197886 
700 1 |a Bartko, Pavol  |4 aut  |9 277158 
773 0 |t Zdravie a chorobnosť mláďat hospodárskych zvierat  |d Košice : [Ústav experimentálnej veterinárnej medicíny], 1996  |g S. 111-113 
958 |a OND 
958 |a article12 
958 |a chapter 
999 |c 1237187  |d 1239117